| 000 | 00463cam a2200205ua 4500 | ||
|---|---|---|---|
| 001 | 8470 | ||
| 005 | 20260515114335.0 | ||
| 008 | 150130n ii |||gr||||Z||||||eng | ||
| 020 | _a817581117X | ||
| 040 | _cMAIN | ||
| 041 | _aeng | ||
| 082 | _a821 | ||
| 100 |
_aTilak, R., _eAuthor. |
||
| 245 | 1 |
_aApology for poetry _cBy Raghukul Tilak |
|
| 250 | _a18th. | ||
| 260 |
_aNew Delhi: _bRama, _c2010. |
||
| 300 | _a142p. | ||
| 653 | _aEnglish poetry | ||
| 942 | _cBK | ||
| 999 |
_c7572 _d7572 |
||